Journalism next :a practical guide to digital reporting and publishing / (Record no. 3962)

000 -LEADER
fixed length control field 01023cam a2200289 i 4500
001 - CONTROL NUMBER
control field 18714712
003 - CONTROL NUMBER IDENTIFIER
control field OSt
005 - DATE AND TIME OF LATEST TRANSACTION
control field 20180320125144.0
008 - FIXED-LENGTH DATA ELEMENTS--GENERAL INFORMATION
fixed length control field 150724t20162016caua b 001 0 eng
010 ## - LIBRARY OF CONGRESS CONTROL NUMBER
LC control number 2015028149
020 ## - INTERNATIONAL STANDARD BOOK NUMBER
International Standard Book Number 9781483356853 (pbk. : alk. paper)
040 ## - CATALOGING SOURCE
Original cataloging agency DLC
Language of cataloging eng
Transcribing agency DLC
Description conventions rda
042 ## - AUTHENTICATION CODE
Authentication code pcc
050 00 - LIBRARY OF CONGRESS CALL NUMBER
Classification number PN4833.B75 2016
082 00 - DEWEY DECIMAL CLASSIFICATION NUMBER
Classification number 070.4
Edition number 23
100 1# - MAIN ENTRY--PERSONAL NAME
Personal name Briggs, Mark,
Dates associated with a name 1969-
Relator term author.
245 10 - TITLE STATEMENT
Title Journalism next :a practical guide to digital reporting and publishing /
Statement of responsibility, etc Mark Briggs ; with a foreword by Jennifer Preston.
250 ## - EDITION STATEMENT
Edition statement Third edition.
300 ## - PHYSICAL DESCRIPTION
Extent xxii, 343 pages :
Other physical details illustrations ;
Dimensions 21 cm
504 ## - BIBLIOGRAPHY, ETC. NOTE
Bibliography, etc Includes bibliographical references and index.
650 #0 - SUBJECT ADDED ENTRY--TOPICAL TERM
Topical term or geographic name as entry element Online journalism.
650 #0 - SUBJECT ADDED ENTRY--TOPICAL TERM
Topical term or geographic name as entry element Citizen journalism.
650 #0 - SUBJECT ADDED ENTRY--TOPICAL TERM
Topical term or geographic name as entry element Journalism
General subdivision Technological innovations.
906 ## - LOCAL DATA ELEMENT F, LDF (RLIN)
a 7
b cbc
c orignew
d 1
e ecip
f 20
g y-gencatlg
942 ## - ADDED ENTRY ELEMENTS (KOHA)
Source of classification or shelving scheme
Koha item type Book
Holdings
Withdrawn status Lost status Source of classification or shelving scheme Damaged status Not for loan Home library Current library Shelving location Date acquired Total Checkouts Full call number Barcode Date last seen Date checked out Copy number Price effective from Koha item type
          Riara University Library Riara University Library General stack 20/03/2018 4 PN4833.B75 2016 9096/18 05/04/2023 31/03/2023 C.1 20/03/2018 Book
          Riara University Library Riara University Library General stack 20/03/2018 3 PN4833.B75 2016 9097/18 24/01/2025 19/01/2024 C.2 20/03/2018 Book

Riara University Library,
P.O. Box 49940-00100,
Nairobi, Kenya.